| 000 | 00669cam a22001814a 4500 | ||
|---|---|---|---|
| 020 | _a0471638552 (cloth : alk. paper) | ||
| 040 | _cDLC | ||
| 082 | 0 | 0 | _a361 JOH 2004 A019 Or. |
| 100 | 1 | _aRaymond, Susan Ueber. | |
| 245 | 1 | 4 |
_aThe future of philanthropy : _beconomics, ethics, and management / |
| 260 |
_aHoboken, N.J. : _bJohn Wiley & Sons, _cc2004. |
||
| 300 |
_axii, 308 p. : _bill. ; _c24 cm. |
||
| 650 | 0 | _aNonprofit organizations. | |
| 856 | 4 | 2 | _uhttp://www.loc.gov/catdir/bios/wiley047/2003021759.html |
| 856 | 4 | 2 | _uhttp://www.loc.gov/catdir/description/wiley041/2003021759.html |
| 856 | 4 | 1 | _uhttp://www.loc.gov/catdir/toc/wiley041/2003021759.html |
| 942 | _cEK | ||
| 999 |
_c12285 _d12285 |
||